000 00589cam a22002053a 4500
001 38739
003 PGUSA
005 20140828083844.0
008 120202s2012||||xxu|||||s|||||000 | eng d
040 _aPGUSA
_beng
042 _adc
100 1 _aHobbs, Leonard S.
245 1 4 _aThe Wright Brothers' Engines and Their Design
_h[electronic resource] /
_cLeonard S. Hobbs
260 _bProject Gutenberg,
_c2012
506 _aPublic domain in the USA.
516 _aElectronic text
830 0 _aProject Gutenberg
_v38739
856 4 0 _uhttp://www.gutenberg.org/ebooks/38739
942 _cEB
999 _c267993
_d267993